FIFA World Cup Winners by Career Path - Statistics

General Stats
  • This quiz has been taken 17 times
  • The average score is 12 of 75
Answer Stats
Hint Answer % Correct
2003–2004 Barcelona C 10 (5)
2004–2005 Barcelona B 22 (6)
2004–2021 Barcelona 520 (474)
2021–2023 Paris Saint-Germain 58 (22)
2023– Inter Miami 30 (24)
Lionel Messi
55%
2009–2014 Real Sociedad 180 (46)
2014–2019 Atlético Madrid 180 (94)
2019–2022 Barcelona 74 (22)
2021–2022 → Atlético Madrid (loan) 34 (5)
2022– Atlético Madrid 94 (37)
Antoinne Griezmann
45%
2001–2005 Bayern Munich II 34 (2)
2002–2015 Bayern Munich 342 (45)
2015–2017 Manchester United 18 (1)
2017–2019 Chicago Fire 85 (8)
Bastian Schweinsteiger
45%
2003–2004 Valencia B 14 (1)
2004–2010 Valencia 119 (21)
2004–2005 → Eibar (loan) 35 (4)
2005–2006 → Celta (loan) 34 (4)
2010–2020 Manchester City 309 (60)
2020–2023 Real Sociedad 74 (6)
David Silva
45%
1956–1974 Santos 583 (569)
1975–1977 New York Cosmos 64 (37)
Pele
45%
1998–2001 Grêmio 89 (47)
2001–2003 Paris Saint-Germain 55 (17)
2003–2008 Barcelona 145 (70)
2008–2011 AC Milan 76 (20)
2011–2012 Flamengo 56 (23)
2012–2014 Atlético Mineiro 58 (20)
2014–2015 Querétaro 25 (8)
2015 Fluminense 7 (0)
Ronaldinho
45%
2005–2007 Rosario Central 35 (6)
2007–2010 Benfica 76 (7)
2010–2014 Real Madrid 124 (22)
2014–2015 Manchester United 27 (3)
2015–2022 Paris Saint-Germain 197 (56)
2022–2023 Juventus 26 (4)
2023– Benfica 50 (17)
Angel Di Maria
36%
2004–2008 Manchester United 12 (0)
2006–2007 → Zaragoza (loan) 22 (2)
2008–2022 Barcelona 397 (29)
Gerard Pique
36%
1995–2001 Parma 168 (0)
2001–2018 Juventus 509 (0)
2018–2019 Paris Saint-Germain 17 (0)
2019–2021 Juventus 17 (0)
2021–2023 Parma 43 (0)
Gianluigi Buffon
36%
2015–2016 Monaco II 12 (4)
2015–2018 Monaco 41 (16)
2017–2018 → Paris Saint-Germain (loan) 27 (13)
2018–2024 Paris Saint-Germain 178 (162)
2024– Real Madrid 29 (22)
Kylian Mbappe
36%
2007–2008 Bayern Munich II 13 (4)
2007–2014 Bayern Munich 130 (13)
2009–2010 → Bayer Leverkusen (loan) 43 (10)
2014–2024 Real Madrid 306 (22)
Toni Kroos
36%
1989–1992 Cannes 61 (6)
1992–1996 Bordeaux 139 (28)
1996–2001 Juventus 151 (24)
2001–2006 Real Madrid 155 (37)
Zinedine Zidane
36%
1989–1995 São Paulo 216 (33)
1995 Real Zaragoza 16 (0)
1995 Juventude 4 (0)
1995–1997 Palmeiras 41 (2)
1997–2003 Roma 163 (5)
2003–2008 AC Milan 119 (4)
Cafu
27%
2003–2011 Arsenal 212 (35)
2011–2014 Barcelona 96 (28)
2014–2019 Chelsea 138 (15)
2019–2022 Monaco 54 (3)
2022 Monaco B 1 (0)
2022–2023 Como 17 (0)
Cesc Fabregas
27%
2000–2001 Sporting Gijón B 36 (14)
2001–2003 Sporting Gijón 80 (38)
2003–2005 Real Zaragoza 73 (32)
2005–2010 Valencia[2][3] 166 (108)
2010–2013 Barcelona 77 (33)
2013–2014 Atlético Madrid 36 (13)
2014–2018 New York City FC 117 (77)
2014 → Melbourne City (loan) 4 (2)
2019–2020 Vissel Kobe 28 (13)
David Villa
27%
2019–2022 River Plate 40 (10)
2020–2021 → Defensa y Justicia (loan) 14 (0)
2022–2023 Benfica 17 (1)
2023– Chelsea 76 (8)
Enzo Fernandez
27%
1977–1997 AC Milan 532 (16) Franco Baresi
27%
2006–2007 Hertha BSC II 24 (1)
2007 Hertha BSC 10 (0)
2007–2010 Hamburger SV 75 (0)
2010–2011 Manchester City 16 (0)
2011–2021 Bayern Munich 229 (5)
2021–2023 Lyon 32 (0)
2024 Salernitana 7 (0)
2024– LASK 5 (0)
Jerome Boateng
27%
2012–2013 Boulogne 38 (3)
2013–2015 Caen 75 (4)
2015–2016 Leicester City 37 (1)
2016–2023 Chelsea 190 (11)
2023– Al-Ittihad 55 (5)
N'golo Kante
27%
2011–2012 Manchester United 3 (0)
2012–2016 Juventus 124 (28)
2016–2022 Manchester United 154 (29)
2022–2024 Juventus 8 (0)
Paul Pogba
27%
1985–1988 Vasco da Gama 141 (80)
1988–1993 PSV Eindhoven 110 (98)
1993–1995 Barcelona 46 (34)
1995–1996 Flamengo 59 (60)
1996–1997 Valencia 11 (5)
1997 → Flamengo (loan) 22 (21)
1998–1999 Flamengo 65 (34)
2000–2002 Vasco da Gama 73 (79)
2002–2004 Fluminense 73 (45)
2003 → Al Sadd (loan) 3 (0)
2005–2006 Vasco da Gama 50 (35)
2006 Miami FC 25 (19)
2006 → Adelaide United (loan) 4 (1)
2007 Vasco da Gama 15 (13)
2009 America-RJ 1 (0)
2024– America-RJ 0 (0)
Romario
27%
1994–1995 Monaco B 19 (6)
1994–1999 Monaco 105 (20)
1999 Juventus 16 (3)
1999–2007 Arsenal 254 (174)
2007–2010 Barcelona 80 (35)
2010–2014 New York Red Bulls 122 (51)
2012 → Arsenal (loan) 4 (1)
Thierry Henry
27%
1985–1989 Nantes 111 (4)
1989–1994 Marseille 123 (6)
1990–1991 → Bordeaux (loan) 29 (3)
1994–1999 Juventus 124 (4)
1999–2000 Chelsea 27 (0)
2000–2001 Valencia 14 (0
Didier Deschamps
18%
1976–1981 Argentinos Juniors 166 (116)
1981–1982 Boca Juniors 40 (28)
1982–1984 Barcelona 36 (22)
1984–1991 Napoli 188 (81)
1992–1993 Sevilla 26 (5)
1993–1994 Newell's Old Boys 5 (0)
1995–1997 Boca Juniors 30 (7)
Diego Maradona
18%
2012–2020 Arsenal 15 (0)
2012 → Oxford United (loan) 1 (0)
2013–2014 → Sheffield Wednesday (loan) 11 (0)
2015 → Rotherham United (loan) 8 (0)
2015–2016 → Wolverhampton Wanderers (loan) 13 (0)
2017–2018 → Getafe (loan) 5 (0)
2019 → Reading (loan) 18 (0)
2020– Aston Villa 175 (0)
Emiliano Martinez
18%
1991–1995 Napoli 58 (1)
1995–2002 Parma 212 (5)
2002–2004 Inter Milan 50 (2)
2004–2006 Juventus 74 (6)
2006–2009 Real Madrid 94 (0)
2009–2010 Juventus 27 (0)
2010–2011 Al Ahli Dubai 16 (2)
Fabio Cannavaro
18%
2001–2007 Atlético Madrid 214 (82)
2007–2011 Liverpool 102 (65)
2011–2015 Chelsea 110 (20)
2014–2015 → AC Milan (loan) 10 (1)
2015–2016 AC Milan 0 (0)
2015–2016 → Atlético Madrid (loan) 49 (14)
2016–2018 Atlético Madrid 58 (13)
2018–2019 Sagan Tosu 35 (5)
Fernando Torres
18%
1964–1977 Bayern Munich 427 (60)
1977–1980 New York Cosmos 80 (17)
1980–1982 Hamburger SV 28 (0)
1983 New York Cosmos 25 (2)
Franz Beckenbauer
18%
1958–1972 West Ham United 411 (180)
1972–1975 Stoke City 108 (30)
1973 → Cape Town City (loan) 6 (5)
1975–1976 West Bromwich Albion 10 (2)
1976 Cork Celtic 3 (3)
1976 Seattle Sounders 23 (8)
1976–1979 Telford United
Geoff Hurst
18%
2018–2022 River Plate 57 (23)
2022–2024 Manchester City 67 (20)
2022 → River Plate (loan) 17 (11)
2024– Atlético Madrid 31 (14)
Julian Alvarez
18%
2000–2003 São Paulo 59 (23)
2003–2009 AC Milan 193 (70)
2009–2013 Real Madrid 85 (23)
2013–2014 AC Milan 30 (7)
2014–2017 Orlando City 75 (24)
2014 → São Paulo (loan) 19 (2)
Kaka
18%
2005 Schalke 04 II 1 (0)
2006–2008 Schalke 04 30 (0)
2008–2010 Werder Bremen 71 (13)
2010–2013 Real Madrid 105 (19)
2013–2021 Arsenal 184 (33)
2021–2022 Fenerbahçe 32 (8)
2022–2023 İstanbul Başakşehir 4 (0)
Mesut Ozil
18%
1973 Instituto 14 (3)
1974 Belgrano 16 (2)
1975–1978 Huracán 109 (11)
1978–1988 Tottenham Hotspur 238 (16)
1982–1983 → Paris Saint-Germain (loan) 14 (1)
1985 → St George Budapest (loan) 1 (0)
1988 Blackburn Rovers 5 (0)
1988–1989 Queens Park Rangers 8 (0)
1989 Fort Lauderdale Strikers 5 (1)
1989–1991 Swindon Town 2 (0)
Osvaldo Ardiles
18%
2010 Lens II 9 (0)
2010–2011 Lens 23 (2)
2011–2021 Real Madrid 236 (8)
2021–2024 Manchester United 68 (2)
2024 Como 0 (0)
Raphael Varane
18%
1993–1994 Cruzeiro 34 (34)
1994–1996 PSV 46 (42)
1996–1997 Barcelona 37 (34)
1997–2002 Inter Milan 68 (49)
2002–2007 Real Madrid 127 (83)
2007–2008 AC Milan 20 (9)
2009–2011 Corinthians 52 (29)
Ronaldo
18%
1977–1980 Kickers Offenbach 79 (23)
1980–1982 1860 Munich 74 (49)
1982–1987 Werder Bremen 174 (119)
1987–1992 Roma 198 (68)
1992–1994 Marseille 73 (28)
1994–1996 Bayer Leverkusen 75 (31)
Rudi Voller
18%
1991–1993 Padova 14 (1)
1993–2012 Juventus 513 (208)
2012–2014 Sydney FC 48 (24)
2014 Delhi Dynamos 10 (1)
Alessandro Del Piero
9%
1995–1998 Brescia 47 (6)
1998–2001 Inter Milan 22 (0)
1999–2000 → Reggina (loan) 28 (6)
2001 → Brescia (loan) 10 (0)
2001–2011 AC Milan 284 (32)
2011–2015 Juventus 119 (16)
2015–2017 New York City FC 60 (1)
Andrea Pirlo
9%
1982 Vitória (7)
1983–1989 Flamengo 80 (34)
1989–1992 Vasco da Gama 53 (28)
1992–1996 Deportivo La Coruña 131 (86)
1996 Flamengo 15 (7)
1996–1997 Sevilla 5 (0)
1997 Vitória 8 (8)
1997 Cruzeiro 0 (0)
1998–1999 Botafogo 17 (9)
1999 Toros Neza 8 (2)
2000 Kashima Antlers 8 (1)
2000 Vitória 3 (0)
2001 Vasco da Gama 8 (2)
2002 Al-Ittihad 5 (1)
Bebeto
9%
1986–1996 1. FC Köln 326 (0)
1996–2001 Real Madrid 91 (0)
Bodo Illgner
9%
1963–1964 1861 Nördlingen 31 (51)
1964–1979 Bayern Munich 453 (398)
1979–1981 Fort Lauderdale Strikers 71 (38)
Gerd Muller
9%
1958–1959 Chesterfield 23 (0)
1959–1967 Leicester City 293 (0)
1967–1973 Stoke City 194 (0)
1967 → Cleveland Stokers (loan) 7 (0)
1971 → Hellenic (loan) 3 (0)
1977–1978 Fort Lauderdale Strikers 37 (0)
1977 → St Patrick's Athletic (loan) 1 (0)
Gordon Banks
9%
1960–1974 Botafogo 416 (186)
1974–1975 Marseille 18 (9)
1975 Kaizer Chiefs 3 (7)
1976 Cruzeiro 24 (9)
1977 Portuguesa (VEN) 24 (22)
1978 Noroeste 10 (4)
1979 Fast Clube 18 (10)
1980–1981 Jorge Wilstermann 12 (6)
1981–1982 Botafogo
1982 9 de Octubre
Jairzinho
9%
1983–1986 FC Augsburg 80 (31)
1986–1987 Blau-Weiß Berlin 34 (10)
1987–1990 Werder Bremen 86 (38)
1990–1993 Lazio 84 (30)
1993–1997 Borussia Dortmund 87 (24)
1997–1999 Liverpool 60 (11)
1999–2001 Fulham 34 (6)
Karl Heinz Riedle
9%
1991–1996 Monaco 155 (8)
1996–2001 Parma 163 (1)
2001–2006 Juventus 144 (1)
2006–2008 Barcelona 41 (0)
Lilian Thuram
9%
1978–1979 1. FC Herzogenaurach 22 (20)
1979–1984 Borussia Mönchengladbach 162 (36)
1984–1988 Bayern Munich 113 (57)
1988–1992 Inter Milan 115 (40)
1992–2000 Bayern Munich 189 (28)
2000 MetroStars 16 (0)
2018 1. FC Herzogenaurach 1 (0)
Lothar Matthaus
9%
1970–1973 Instituto 13 (11)
1973–1976 Rosario Central 107 (85)
1976–1981 Valencia 142 (95)
1981–1982 River Plate 29 (15)
1982–1984 Valencia 42 (21)
1984–1986 Hércules 38 (10)
1986–1987 First Vienna 20 (7)
1987–1990 St. Pölten 96 (34)
1990–1992 Kremser SC 39 (7)
1993–1994 Pelita Jaya 18 (12)
1995 Fernández Vial 11 (5)
1996 Lushnja[1
Mario Kempes
9%
1973–1976 Juventus 0 (0)
1975–1976 → Como (loan) 6 (0)
1976–1980 Vicenza 94 (60)
1979–1980 → Perugia (loan) 28 (13)
1981–1985 Juventus 83 (24)
1985–1986 Milan 20 (2)
1986–1987 Hellas Verona 20 (4)
Paolo Rossi
9%
1993–1995 Cannes 49 (2)
1995–1996 AC Milan 2 (0)
1996–2005 Arsenal 279 (29)
2005–2006 Juventus 31 (5)
2006–2010 Inter Milan 67 (6)
2010–2011 Manchester City 28 (3)
Patrick Vieira
9%
1970–1974 Bayern Munich 109 (17)
1974–1977 Real Madrid 84 (10)
1977–1978 Eintracht Braunschweig 30 (10)
1978–1983 Bayern Munich 146 (66)
Paul Breitner
9%
1965–1974 Corinthians[2][3][4] 236 (70)
1975–1978 Fluminense[4] 45 (10)
1978–1981 Al-Hilal 57 (25)
Rivellino
9%
2004–2006 VfB Stuttgart II 21 (1)
2006–2010 VfB Stuttgart 98 (14)
2010–2015 Real Madrid 102 (6)
2015–2021 Juventus 99 (21)
2021 Hertha BSC 9 (0)
Sami Khedira
9%
1970–1979 Bayern Munich 239 (86)
1978–1979 → 1. FC Nürnberg (loan) 11 (0)
Uli Hoeneb
9%
1973–1977 Boca Juniors 179 (0)
1978–1979 Birmingham City 23 (1)
1979 Talleres de Córdoba 13 (1)
1980–1983 River Plate 107 (4)
1983–1984 Bastia 29 (1)
1984–1988 Toulouse 130 (8)
1988–1989 St. Gallen
Alberto Tarantini
0%
1958–1974 West Ham United 544 (24)
1974–1977 Fulham 124 (1)
1976 → San Antonio Thunder (loan) 24 (1)
1978 Seattle Sounders 7 (0)
1978 Herning Fremad 9 (0)
1981 Eastern 0 (0)
1983 Carolina Lightnin'
Bobby Moore
0%
1963–1966 Fluminense 98 (9)
1966–1974 Santos 445 (40)
1971 Botafogo 22 (0)
1974–1976 Fluminense 50 (4)
1976–1977 Flamengo 28 (3)
1977–1980 New York Cosmos 80 (6)
1981 California Surf 19 (2)
1982 New York Cosmos 20 (0)
Carlos Alberto
0%
1985–1990 Internacional 50 (0)
1990–1993 Parma 74 (0)
1993–1994 Reggiana 31 (0)
1995–1998 Atlético Mineiro 73 (0)
1998–2001 Galatasaray 89 (0)
2001–2003 Parma 6 (0)
Claudio Taffarel
0%
1979–1981 Monza 60 (10)
1981–1986 Fiorentina 140 (11)
1986–1995 AC Milan 209 (51)
1988–1989 → Roma (loan) 30 (5)
1995–1996 Shimizu S-Pulse 20 (10)
Daniele Massaro
0%
1971–1973 Sarmiento 36 (9)
1973–1982 River Plate 266 (90)
1982–1986 Fiorentina 109 (26)
1986–1988 Inter Milan 44 (9)
1988–1989 River Plate 24 (7)
Daniel Passarella
0%
1961–1963 Udinese 38 (0)
1963–1967 Mantova 131 (0)
1967–1972 Napoli 143 (0)
1972–1983 Juventus 330 (0)
Dino Zoff
0%
1964–1974 Grêmio
1965 → Juventude (loan)
Everaldo
0%
1991–1995 Piacenza 39 (15)
1992–1993 → Leffe (loan) 21 (14)
1993–1994 → Verona (loan) 36 (14)
1995–1996 Parma 15 (2)
1996–1997 Atalanta 33 (24)
1997–2001 Juventus 120 (57)
2001–2012 Milan 202 (73)
Filippo Inzaghi
0%
1952–1973 Leeds United 629 (70 Jack Charlton
0%
1979–1981 Arsenal de Sarandí 49 (7)
1981–1985 Independiente 146 (53)
1985–1992 Nantes 140 (27)
1992–1993 Valenciennes 32 (10)
1995–1998 Independiente 89 (19)
Jorge Burruchaga
0%
1973–1975 Newell's Old Boys 46 (11)
1975–1979 Alavés 105 (20)
1979–1984 Real Zaragoza 143 (46)
1984–1987 Real Madrid 85 (40)
Jorge Valdano
0%
1993–1995 São Paulo 44 (2)
1995–1997 Middlesbrough 57 (12)
1997–2002 Atlético Madrid 55 (14)
1999–2000 → Middlesbrough (loan) 28 (4)
2000–2001 → Vasco da Gama (loan) 47 (13)
2002 → Flamengo (loan) 0 (0)
2002–2004 Middlesbrough 35 (11)
2004–2005 Celtic 14 (1)
2005–2006 Palmeiras 63 (20)
2007 Flamengo 0 (0)
2007–2008 Sydney FC 14 (0)
2010 Ituano 2 (2)
Juninho
0%
1963–1967 Borussia Mönchengladbach 82 (50)
1967–1970 Hannover 96 112 (41)
1970–1978 Borussia Mönchengladbach 226 (168)
Jupp Heynckes
0%
1981–1984 Stuttgarter Kickers 61 (22)
1984–1989 VfB Stuttgart 156 (79)
1989–1992 Inter Milan 95 (34)
1992–1994 Monaco 65 (29)
1994–1995 Tottenham Hotspur 41 (20)
1995–1997 Bayern Munich 65 (31)
1997–1998 Sampdoria 8 (2)
1997–1998 → Tottenham Hotspur (loan) 15 (9)
2003 Orange County Blue Star 8 (5)
Jurgen Klinsmann
0%
1972–1974 Pisa 41 (4)
1974–1975 Como 36 (2)
1975–1985 Juventus 259 (35)
1985–1987 Internazionale 43 (2)
1987–1988 St. Gallen 14 (0)
Marco Tardelli
0%
1959–1970 West Ham United 302 (81)
1970–1975 Tottenham Hotspur 189 (46)
1975–1980 Norwich City 207 (44)
1979 Frankston City (guest) 5 (3)
1980–1981 Sheffield United 24 (4)
1982–1983 Gorleston
Martin Peters
0%
1970–1976 River Plate 168 (68)
1976 Olympique Marseille 17 (6)
1977–1981 River Plate 142 (63)
1981–1983 Vélez Sársfield 73 (14)
1983–1987 River Plate 64 (18)
Nolberto Alonso
0%
1980–1985 Boca Juniors 147 (11)
1985–1988 River Plate 81 (4)
1988–1989 Logroñés 34 (1)
1989–1990 Real Madrid 31 (2)
1990–1992 Vélez Sarsfield 55 (5)
1992 Ancona 7 (1)
1992–1993 América 27 (4)
1993–1997 San Lorenzo 114 (12)
1997 Lanús 13 (2)
Oscar Ruggeri
0%
1990–1992 Santa Cruz 27 (9)
1992–1994 Mogi Mirim 27 (9)
1993–1994 → Corinthians (loan) 22 (11)
1994–1996 Palmeiras 86 (55)
1996–1997 Deportivo La Coruña 41 (21)
1997–2002 Barcelona 157 (86)
2002–2003 AC Milan 22 (5)
2004 Cruzeiro 7 (2)
2004–2007 Olympiacos 70 (36)
2007–2008 AEK Athens 35 (12)
2008–2011 Bunyodkor 53 (33)
2011 → São Paulo (loan) 39 (6)
2012 Kabuscorp 21 (11)
2013 São Caetano 17 (2)
2014–2015 Mogi Mirim 12 (1)
Rivaldo
0%
1991–1993 União São João 21 (3)
1992–1993 → Atlético Mineiro (loan) 0 (0)
1993–1995 Palmeiras 44 (3)
1995–1996 Inter Milan 30 (5)
1996–2007 Real Madrid 372 (48)
2007–2009 Fenerbahçe 65 (6)
2010–2011 Corinthians 35 (1)
2011–2012 Anzhi Makhachkala 25 (4)
2015–2016 Delhi Dynamos 3 (0)
Roberto Carlos
0%
1981–1988 Argentinos Juniors 253 (25)
1988–1990 River Plate 52 (2)
1991 Argentinos Juniors 19 (0)
1992–1993 Nueva Chicago 5 (0)
1993–1994 PJM Futures 95 (5)
1997–1999 All Boys 60 (1)
Sergio Batista
0%
No matching quizzes found
Score Distribution
Percent of People with Each Score
Percentile by Number Answered
Your Score History
You have not taken this quiz